Capitals Without the Letters of “Baku” - Statistics

General Stats
  • This quiz has been taken 10 times
  • The average score is 8 of 17
Answer Stats
Continents Capitals % Correct
Europe London
75%
South America Montevideo
75%
South America Georgetown
63%
North America Mexico City
63%
Europe Oslo
63%
Asia Dili
50%
Europe Moscow
50%
Asia New Delhi
50%
Africa Tripoli
50%
Oceania Wellington
50%
Africa Lomé
38%
Europe Rome
38%
Africa Freetown
25%
Asia Phnom Penh
25%
Africa Porto-Novo
25%
Africa Lilongwe
13%
Africa Moroni
13%
No matching quizzes found
Score Distribution
Percent of People with Each Score
Percentile by Number Answered
Your Score History
You have not taken this quiz